000 00752nam a2200277Ia 4500
003 OSt
005 20220912151453.0
006 a|||||r|||| 00| 0
007 ta
008 220909b |||||||| |||| 00| 0 eng d
024 _a32097
037 _cTextual
040 _aCSL
_beng
_cCSL
041 _aeng
082 _aB75, M8
100 _aVishik M J
245 0 _aMathematical problems of statistical hydromechancis
260 _aDordrecht
_bKluwer Academic Press
_c1992
300 _a576p.
_ccm.
490 _aMathematics and its application soviet series
650 _a Fluid
650 _aHydromechnaics
700 _a Fursihov A V
942 _hB75, M8
_cTEXL
_2CC
999 _c69269
_d69269